[Event "Automne 2017"]
[Site "Gatineau"]
[Date "2017.11.28"]
[Round "5"]
[White "Bastien Andre"]
[Black "Raymond Daniel"]
[Result "1-0"]
[BlackElo "1816"]
[EventDate "2017.11.28"]
[WhiteElo "1802"]

{ � venir } 1.d4 d5 2.Nf3 e6 3.e3 c5 4.b3 Nc6 5.Bb2 Nf6 6.Bd3 Bd6 7.O-O O-O
8.Nbd2 Re8 9.Ne5 cxd4 10.exd4 Qc7 11.f4 Nb4 12.Ndf3 Nxd3 13.Qxd3 Ne4 14.g3 f6
15.Ng4 Bd7 16.c4 e5 17.Ne3 exf4 18.Nxd5 Qc6 19.gxf4 Bc7 20.Ba3 Kh8 21.Nh4
Rac8 22.Rae1 f5 23.Qh3 Qh6 24.Nxc7 Rxc7 25.Re3 g5 26.Ng2 Qg6 27.Kh1 Rg8 28.d5
gxf4 29.Bb2+ Nf6 30.Rxf4 Rf8 31.Re7 Kg8 32.Nh4 Qh6 33.Qg3+ Kh8 34.Be5 Rg8
35.Qf2 Rcc8 36.Rxd7 Rce8 37.Qd4 Rxe5 38.Qxe5 Qg5 39.Qd4 Re8 40.Nf3 Qg6 41.Rd6
Kg7 42.Re6 Rg8 43.Re1 Kh6 44.Nh4 Qg5 45.Rxf5 1-0

[Event "Automne 2017"]
[Site "Gatineau"]
[Date "2017.11.28"]
[Round "5"]
[White "Jobin Gilles G."]
[Black "Desjardins Michel"]
[Result "1/2-1/2"]
[BlackElo "1925"]
[EventDate "2017.11.28"]
[WhiteElo "1792"]

1.e4 d5 2.exd5 Qxd5 3.Nc3 Qd6 4.d4 Nf6 5.f3 g6 6.Bc4 Be6 7.Bxe6 Qxe6+ 8.Qe2
Qxe2+ 9.Ngxe2 Nc6 10.Be3 O-O-O 11.O-O-O Bg7 12.Kb1 Kb8 13.Rhe1 h6 14.a3 e6
15.Rd3 Rhe8 16.Red1 Nd5 17.Nxd5 exd5 18.Nc3 Ne7 19.Bf2 c6 20.g4 Nc8 21.Re1
Rxe1+ 22.Bxe1 Nd6 23.Bg3 Kc7 24.Kc1 Re8 25.Kd2 Kd7 26.Bxd6 Kxd6 27.Re3 Re6
28.Rxe6+ fxe6 29.Ne2 e5 30.c3 c5 31.dxe5+ Bxe5 32.f4 Bg7 33.f5 gxf5 34.Ng3
Bf6 35.Nxf5+ Ke5 36.b3 h5 37.h3 hxg4 38.hxg4 b6 39.Kd3 b5 40.c4 bxc4+ 41.bxc4
d4 42.a4 Kf4 43.Nd6 Kxg4 44.Nc8 a6 45.Nb6 Bd8 46.Nd7 Be7 47.Nb8 Bd6 48.Nc6
Kf5 49.Na5 Ke6 50.Nb3 Ke5 1/2-1/2

[Event "Automne 2017"]
[Site "Gatineau"]
[Date "2017.11.28"]
[Round "5"]
[White "Danilov Alex"]
[Black "Lemieux Richard"]
[Result "0-1"]
[BlackElo "1553"]
[EventDate "2017.11.28"]
[WhiteElo "1688"]

{ � venir } 1.Nf3 d5 2.c4 Nf6 3.e3 e6 4.Nc3 Be7 5.d4 c5 6.b3 Nc6 7.Be2 O-O
8.O-O cxd4 9.exd4 dxc4 10.bxc4 Qc7 11.Nb5 Qd8 12.a4 a6 13.Nc3 Bb4 14.Qb3 a5
15.Nb5 b6 16.Bf4 Ba6 17.Rad1 Bxb5 18.axb5 Ne7 19.Ne5 Rc8 20.Bf3 Qc7 21.d5 $6
exd5 22.cxd5 Bd6 23.Rfe1 Rfe8 24.Rc1 Qb8 25.g3 Rxc1 26.Rxc1 Bxe5 27.Be3 Bd6
28.h4 Nf5 29.Bg5 Nd4 30.Qd3 Nxf3+ 31.Qxf3 Ne4 32.Be3 Bc5 33.Qf5 Nxg3 34.Qg4
h5 35.Bf4 hxg4 36.Bxb8 Ne2+ 0-1

[Event "Automne 2017"]
[Site "Gatineau"]
[Date "2017.11.28"]
[Round "5"]
[White "Berthiaume Serge"]
[Black "Rioux Jocelyn"]
[Result "0-1"]
[BlackElo "1583"]
[EventDate "2017.11.28"]
[WhiteElo "1431"]

1.e4 e6 2.Nf3 c5 3.d4 Nf6 4.Nc3 d5 5.e5 Nfd7 6.Bg5 Qb6 7.Na4 Qa5+ 8.c3 Nc6
9.Be3 cxd4 10.Bxd4 b5 11.b4 Qxa4 12.Qd2 Nxd4 13.Qxd4 Nb6 14.Bd3 Bd7 15.O-O g6
16.Qf4 Bg7 17.Rfe1 O-O 18.h4 Rac8 19.h5 Rxc3 20.Re3 Nc4 21.Bxc4 Rxc4 22.Qh2
Qxb4 23.g3 Rc3 24.hxg6 fxg6 25.Ng5 h6 26.Rxc3 Qxc3 27.Rf1 hxg5 28.Kg2 Kf7
0-1

[Event "Automne 2017"]
[Site "Gatineau"]
[Date "2017.11.28"]
[Round "5"]
[White "Bourbonnais Luc"]
[Black "Lecorre Joel"]
[Result "0-1"]
[BlackElo "1477"]
[EventDate "2017.11.28"]
[WhiteElo "1286"]

1.e4 e5 2.Nf3 Nc6 3.Bb5 a6 4.Ba4 Nf6 5.O-O Be7 6.Re1 b5 7.Bb3 O-O 8.c3 d5
9.exd5 Nxd5 10.Nxe5 Nxe5 11.Rxe5 c6 12.d4 Bd6 13.Re1 Qh4 14.g3 Qh3 15.Qf3 Bg4
16.Qg2 Qh5 17.Nd2 Rae8 18.Rxe8 Rxe8 19.Qf1 ( 19.f3 Re1+ 20.Kf2 Bh3 ) 19...Bh3
20.Qd1 $4 Qxd1+ 21.Bxd1 Re1+ 22.Nf1 Rxf1# 0-1

[Event "Automne 2017"]
[Site "Gatineau"]
[Date "2017.11.28"]
[Round "5"]
[White "Sabourin Yves"]
[Black "Labrie Dany"]
[Result "1-0"]
[BlackElo "1127"]
[EventDate "2017.11.28"]
[WhiteElo "1474"]

1.e4 d5 2.d4 g6 3.Nf3 Nf6 4.Bd3 Bg7 5.c4 O-O 6.Nc3 a6 7.Be3 Bd7 8.Qd2 c6
9.Bh6 Ng4 10.Bxg7 Kxg7 11.h4 h5 12.O-O-O Qc7 13.Ng5 b5 14.f3 b4 15.Ne2 Nf2
16.g3 Nxd1 17.Kxd1 a5 18.g4 Rh8 19.gxh5 Rxh5 20.Nf4 Rh8 21.Qc2 a4 22.Qg2 b3
23.a3 Qa5 24.Nxf7 Na6 25.Qxg6+ Kf8 26.Nxh8 Be8 27.Ne6# 1-0

[Event "Automne 2017"]
[Site "Gatineau"]
[Date "2017.11.28"]
[Round "5"]
[White "Raymond Robert"]
[Black "Gareau Charles"]
[Result "1-0"]
[BlackElo "1456"]
[EventDate "2017.11.28"]
[WhiteElo "1261"]

1.e4 c5 2.d3 e6 3.Nc3 a6 4.Nf3 b5 5.a3 Bb7 6.g3 Nf6 7.Bg2 g6 8.O-O Bg7 9.Re1
O-O 10.Re2 d5 11.e5 Nfd7 12.Qe1 d4 13.Nd1 Qc7 14.c3 Nc6 15.Bf4 h6 16.h4 c4
17.cxd4 cxd3 18.Re3 d2 19.Qxd2 Rad8 20.Qe2 Qb6 21.Nc3 Nxd4 22.Nxd4 Bxg2
23.Kxg2 Qxd4 24.Re4 Qa7 25.Be3 Qb7 26.Kg1 Bxe5 27.Bxh6 Bg7 28.Bxg7 Kxg7
29.Rd1 Nc5 30.Re3 Nb3 31.Qf3 Qb6 32.Ne4 Nd4 33.Qf6+ Kg8 34.Rde1 Nf3+ 35.Qxf3
Rc8 36.Nf6+ Kg7 37.Nd7 Qa7 38.Nxf8 Kxf8 39.Rxe6 Kg8 40.R1e3 Rc2 41.Re2 Rc8
42.Re1 Qd7 43.Re7 Qf5 44.Qxf5 gxf5 45.Re8+ 1-0

[Event "Automne 2017"]
[Site "Gatineau"]
[Date "2017.11.28"]
[Round "5"]
[White "Iyamuremye Gervais"]
[Black "Traversy Pierre"]
[Result "1-0"]
[BlackElo "1207"]
[EventDate "2017.11.28"]
[WhiteElo "1484"]

1.e4 c5 2.Nf3 Nc6 3.Nc3 e6 4.d4 cxd4 5.Nxd4 a6 6.Nxc6 bxc6 7.Bc4 Bc5 8.a3 d6
9.b4 Ba7 10.Bb2 Ne7 11.O-O Qc7 12.Na4 O-O 13.Kh1 Ng6 14.f4 Bb7 15.Qe2 d5
16.exd5 cxd5 17.Bxa6 Nxf4 18.Qg4 Ng6 19.Bxb7 Qxb7 20.h4 Qc7 21.h5 Ne5 22.Qg3
Bb8 23.h6 f6 24.Bxe5 fxe5 25.Rxf8+ Kxf8 26.Nc5 Qe7 27.Rf1+ Kg8 28.Nxe6 g6
29.Rf8+ Qxf8 30.Nxf8 e4 31.Qf2 Ra7 32.Ne6 Rf7 33.Qe2 Ba7 34.Qb5 Re7 35.Qxd5
Kf7 36.Ng7+ Kf6 37.Qd8 Kf7 38.Qd5+ Kf6 39.Qd6+ Kf7 40.Qf4+ Kg8 41.Qd2 e3
42.Qe2 Bb8 43.g4 Bf4 44.Qc4+ Rf7 45.Ne6 Bxh6 46.g5 Bf8 47.Nxf8 Kxf8 48.Qc5+
Kg7 49.Qxe3 Rf5 50.c4 Rf7 51.Qe5+ Kf8 52.Qe6 Kg7 53.Qxf7+ Kxf7 54.Kg2 Ke6
55.c5 Kd5 56.Kg3 1-0

[Event "Automne 2017"]
[Site "Gatineau"]
[Date "2017.11.28"]
[Round "5"]
[White "Simard Paul"]
[Black "Seguin Hubert"]
[Result "0-1"]
[BlackElo "1610"]
[EventDate "2017.11.28"]
[WhiteElo "1207"]

1.d4 d5 2.c4 c6 3.e3 Nf6 4.Nf3 Bg4 5.cxd5 cxd5 6.Be2 a6 7.Ne5 Bxe2 8.Qxe2 e6
9.O-O Bd6 10.Nc3 O-O 11.a4 Nc6 12.Nxc6 bxc6 13.b3 Qc7 14.f4 c5 15.dxc5 Bxc5
16.Bb2 Rab8 17.Ba3 Bxa3 18.Rxa3 Qxc3 19.Kh1 a5 20.Rb1 Rfc8 21.Raa1 Rxb3 22.h3
Rxb1+ 23.Rxb1 h6 24.Kh2 Rc4 25.Rb8+ Kh7 26.Rb7 Kg6 27.Qf3 Qc2 28.Qg3+ Kh7
29.Rxf7 Qg6 30.Qxg6+ Kxg6 31.Ra7 Rxa4 32.Ra6 Re4 33.Rxa5 Rxe3 34.Ra6 d4
35.Kg1 Kf5 36.Kf2 Kxf4 37.g3+ Rxg3 38.Rxe6 Rf3+ 39.Ke1 Re3+ 40.Rxe3 Kxe3
41.Kd1 Ne4 42.h4 d3 43.h5 Nf2+ 0-1

[Event "Automne 2017"]
[Site "Gatineau"]
[Date "2017.11.28"]
[Round "5"]
[White "Lepine Louis"]
[Black "Legare Gilles"]
[Result "1-0"]
[BlackElo "1098"]
[EventDate "2017.11.28"]
[WhiteElo "1042"]

1.d4 Nf6 2.Bf4 e6 3.e3 d5 4.Nc3 c6 5.Nf3 Bb4 6.Qd2 Ne4 7.a3 Bd6 8.Be2 Nd7
9.O-O Ndf6 10.Ne5 O-O 11.f3 Nxc3 12.bxc3 Bd7 13.e4 a6 14.c4 c5 15.c3 dxc4
16.Qe3 Qc7 17.Bxc4 Bb5 18.g3 Bxc4 19.Nxc4 Rad8 20.Nxd6 Qc6 21.c4 Rxd6 22.Bxd6
Qxd6 23.e5 Qxd4 24.Qxd4 cxd4 25.exf6 g6 26.Rab1 Rb8 27.Rfd1 e5 28.Rb6 h5
29.Rdb1 d3 30.Rxb7 Rf8 31.Rb8 d2 32.Rxf8+ Kxf8 33.Rd1 Kg8 34.Rxd2 Kh7 35.Rd7
Kh6 36.Rxf7 Kg5 37.h3 a5 38.h4+ Kf5 39.Rf8 e4 40.fxe4+ Kxe4 41.Re8+ 1-0

[Event "Automne 2017"]
[Site "Gatineau"]
[Date "2017.11.21"]
[Round "4"]
[White "Rioux Jocelyn"]
[Black "Guimond Michel"]
[Result "0-1"]
[BlackElo "1897"]
[EventDate "2017.11.21"]
[WhiteElo "1583"]

1.e4 e6 2.d4 d5 3.Nc3 Bb4 4.e5 c5 5.a3 Bxc3+ 6.bxc3 Ne7 7.Nf3 Nbc6 8.Bd3 Qa5
9.Bd2 c4 10.Be2 Bd7 11.O-O h6 12.Rb1 O-O-O 13.h4 f5 14.exf6 gxf6 15.h5 Nf5
16.Qc1 Rdg8 17.Nh2 e5 18.g3 Rg7 19.Kh1 exd4 20.cxd4 c3 21.Bf4 Ncxd4 22.Bd3
Re7 23.Ng4 Ne2 24.Bxe2 Rxe2 25.Nxf6 Bc6 26.g4 d4+ 27.f3 Ne3 28.Bxe3 dxe3
29.Ne4 Qe5 0-1

[Event "Automne 2017"]
[Site "Gatineau"]
[Date "2017.11.21"]
[Round "4"]
[White "Bastien Andre"]
[Black "Jobin Gilles G."]
[Result "1-0"]
[BlackElo "1792"]
[EventDate "2017.11.21"]
[WhiteElo "1802"]

1.d4 d6 2.Nf3 Nf6 3.Bg5 Nbd7 4.e3 Ne4 5.Bf4 Ndf6 6.h3 c6 7.c3 d5 8.Qb3 e6
9.Bd3 Qb6 10.O-O Qxb3 11.axb3 h6 12.Nbd2 Nxd2 13.Nxd2 Nd7 14.b4 b5 15.Nb3 Nb6
16.e4 Bd7 17.Bc7 Na4 18.Ra2 Be7 19.f4 O-O 20.e5 Bd8 21.Bd6 Re8 22.Nc5 Nxc5
23.Bxc5 a6 24.Rfa1 Bc8 25.g4 g6 26.b3 Bh4 27.Kg2 Rd8 28.c4 Bb7 29.Rf1 Rd7
30.Kf3 Be7 31.Bxe7 Rxe7 32.c5 Bc8 33.Ke3 Rea7 34.Ra5 Kg7 35.f5 exf5 36.gxf5
Bxf5 37.Bxf5 gxf5 38.Rxf5 Re7 39.Ra1 Re6 40.Rf2 Rg6 41.Kf4 f6 42.e6 f5 43.Re2
Re8 44.e7 Kf7 45.Rxa6 Rf6 46.Ra7 Re6 47.Rxe6 Kxe6 48.Rc7 Rxe7 49.Rxc6+ Kf7
50.Kxf5 Re4 51.Rc7+ Ke8 52.Rb7 Rxd4 53.Rxb5 Rd3 54.Ke6 Kd8 55.Kd6 Kc8 56.c6
Rg3 57.Rxd5 Rxb3 58.b5 Rg3 59.Kc5 Rxh3 60.Kb6 1-0

[Event "Automne 2017"]
[Site "Gatineau"]
[Date "2017.11.21"]
[Round "4"]
[White "Desjardins Michel"]
[Black "Sabourin Yves"]
[Result "1-0"]
[BlackElo "1474"]
[EventDate "2017.11.21"]
[WhiteElo "1925"]

1.e4 e5 2.Nc3 Nf6 3.Bc4 Bc5 4.d3 a6 5.f4 d6 6.Nf3 Bg4 7.fxe5 dxe5 8.Bxf7+ Ke7
9.Bb3 Nc6 10.h3 Be6 11.Bxe6 Kxe6 12.Bg5 Nd4 13.Nxd4+ Qxd4 14.Qe2 Rhf8
15.O-O-O Rae8 16.Rhf1 Ba3 17.Bd2 Bc5 18.Rf3 b5 19.Be3 Qd6 20.Bxc5 Qxc5
21.Rdf1 c6 22.g4 Nd7 23.Nd1 g5 24.Qe3 Rf4 25.Qxc5 Nxc5 26.Ne3 Rd8 27.Ng2 Rxf3
28.Rxf3 Rd7 29.Rf5 Rf7 30.Ne1 h6 31.d4 Rxf5 32.exf5+ 1-0

[Event "Automne 2017"]
[Site "Gatineau"]
[Date "2017.11.21"]
[Round "4"]
[White "Lemieux Richard"]
[Black "Masse-Garneau Anthony"]
[Result "1/2-1/2"]
[BlackElo "1440"]
[EventDate "2017.11.21"]
[WhiteElo "1553"]

1.e4 e5 2.f4 exf4 3.Nf3 d5 4.e5 Bg4 5.d4 Nc6 6.Bb5 Ne7 7.O-O g5 8.h3 Bh5
9.Qe1 Bh6 10.e6 f6 11.h4 Qd6 12.b3 Bg4 13.hxg5 fxg5 14.Ne5 Qxe6 15.Nxg4 Qxg4
16.Bxc6+ bxc6 17.Ba3 Bf8 ( 17...O-O-O $1 18.Bxe7 ( 18.Qxe7 Rhe8 19.Qf7 Re2
20.Rf2 Re1+ 21.Rf1 Rxf1+ 22.Kxf1 Qd1+ 23.Kf2 Qxd4+ ) 18...Rhe8 19.Nd2 Rd7 )
18.Qe5 Rg8 19.Qxc7 f3 20.Rf2 Qxd4 21.c3 Qb6 ( 21...Qd1+ 22.Rf1 Qe2 23.Rf2 ( 
23.Qg3 Qxg2+ 24.Qxg2 fxg2 25.Kxg2 Ng6 ) 23...Qe1+ 24.Rf1 f2+ ) 22.Qe5 Rg7
23.gxf3 O-O-O 24.Nd2 Qc7 25.Qe3 Nf5 26.Qe6+ Qd7 27.Qxd7+ Kxd7 28.Bxf8 Rxf8
29.c4 d4 30.Ne4 Rg6 31.Rd2 a5 $19 32.Re1 Kc7 33.Nc5 Ne3 $4 $18 34.Rxd4 Rxf3
35.Rd3 Rf5 36.Rd7+ $2 ( 36.Na4 $1 ) 36...Kc8 37.Rxh7 Rxc5 38.Rxe3 Rg8 39.Ree7
a4 40.Rc7+ Kb8 41.Rb7+ Kc8 42.Ra7 Kb8 43.Rxa4 Re5 44.Raa7 Rge8 45.Rab7+ Ka8
46.Rbf7 Re2 47.Rf2 Re1+ 48.Kg2 R8e2 49.Rf7 Rxf2+ 50.Rxf2 Kb7 51.Kg3 Kb6
52.Kg4 Ka5 53.Kxg5 Kb4 54.Kf4 Re8 55.Rh2 c5 56.Kf3 Ka3 57.Rh5 Kxa2 58.Rxc5
Kxb3 59.Rc7 Re1 60.c5 Kb4 1/2-1/2

[Event "Automne 2017"]
[Site "Gatineau"]
[Date "2017.11.21"]
[Round "4"]
[White "Ethier Valori"]
[Black "Gagnon Fabien"]
[Result "0-1"]
[BlackElo "1861"]
[EventDate "2017.11.21"]
[WhiteElo "1373"]

{ B43: Défense sicilienne (variante Paulsen avec 5.Cc3) } 1.e4 c5 2.Nc3 a6
3.Nge2 e6 4.d4 cxd4 5.Nxd4 Qc7 6.f4 b5 7.a3 Bb7 8.Qe2 ( 8.Bd3 d6 ( 8...Nc6
9.Nxc6 Bxc6 10.Qe2 Be7 11.Bd2 d6 12.O-O-O Nf6 13.g4 d5 14.e5 Nd7 15.Rhe1 Rc8
16.Na2 Nc5 17.Bb4 O-O 18.Bxc5 Bxc5 19.f5 a5 20.Qd2 Bd4 21.Qf4 Bc5 22.f6 gxf6
23.Qh6 { Usleber,H (2024)-Schiestl,J (2128) Austria 2016 1-0 (31) } ) 9.Qe2
Nd7 10.Bd2 Ngf6 11.g4 Nb6 12.O-O-O O-O-O 13.Be3 Nfd7 14.Nb3 Nc4 15.Bxc4 bxc4
16.Nd4 Nf6 17.Qg2 d5 18.e5 Ne4 19.Nxe4 dxe4 20.Ne2 Be7 21.Qf2 Rxd1+ 22.Rxd1
Rd8 { Vovk,A (2605)-Calistri,T (2339) Cappelle la Grande 2014 1-0 } ) 8...Nc6
$146 ( 8...Bc5 9.Nb3 Be7 10.g3 h5 11.h3 g5 12.Rg1 gxf4 13.Bxf4 d6 14.O-O-O
Nd7 15.Bg2 O-O-O 16.Kb1 Ngf6 17.a4 bxa4 18.Nxa4 Ne5 19.Bd2 Qc6 20.Nc3 Qc4
21.Qe3 Qc7 22.Na4 Nc4 23.Qe2
{ Henriquez Garcia,D (2007)-Castaner Halster,X (2093) Santa Cruz de
Tenerife 2013 0-1 (54) } ) 9.Nxc6 Qxc6 10.Bd2 Nf6 11.g3 $2 ( 11.e5 $142 $5
{ est une alternative intéressante. } 11...Nd5 12.h4 $11 ) 11...Nxe4 $17
12.Bg2 Nxc3 13.Bxc6 Nxe2 14.Bxb7 Ra7 15.Kxe2 Rxb7 16.Bc3 f6 17.Rad1 b4
18.axb4 Bxb4 19.Bxb4 Rxb4 20.b3 Ke7 21.Rd3 Rc8 22.Kd2 Rc5 23.c4 d5
{ Les Noirs menacent un gain matériel: d5xc4 } 24.Kc3 a5
{ Les Blancs ont un nouveau pion arriéré: b3 } 25.Re1 $4
{ cause de sérieux problèmes pour les Blancs. } ( 25.Rd4 $142 $17 ) 25...dxc4
$19 26.Kd4 ( 26.bxc4 Rcxc4+ 27.Kd2 Rb2+ 28.Ke3 Rxh2 29.Rb1 $19 ) 26...Rd5+
0-1

[Event "Automne 2017"]
[Site "Gatineau"]
[Date "2017.11.21"]
[Round "4"]
[White "Raymond Daniel"]
[Black "Arcand Pierre"]
[Result "1-0"]
[BlackElo "1257"]
[EventDate "2017.11.21"]
[WhiteElo "1816"]

1.e4 e5 2.Nf3 Nc6 3.Bb5 d6 4.d4 exd4 5.Nxd4 Bd7 6.Nc3 Nf6 7.O-O Be7 8.Re1 O-O
9.Bg5 Nxd4 10.Qxd4 Bxb5 11.Nxb5 a6 12.Nc3 h6 13.Bh4 Ng4 14.Bxe7 Qxe7 15.Nd5
Qd7 16.h3 Nf6 17.Nxf6+ gxf6 18.Qxf6 Qe6 19.Qc3 Rac8 20.Re3 Qe5 21.Qb3 b5
22.Rd1 c6 23.Qa3 Rfd8 24.Rg3+ Kf8 25.Re3 Ra8 26.Qb3 a5 27.Rf3 Rd7 28.Qc3 Qxc3
29.Rxc3 c5 30.Rxc5 b4 31.Rcd5 Ra6 32.f3 Ke7 33.Rh5 Rc7 34.Rd2 Rac6 35.c3 bxc3
36.bxc3 Rxc3 37.Rxa5 Rc1+ 38.Kf2 Ke6 39.Rh5 f6 40.Rhd5 R7c6 41.a4 Ra6 42.Ra2
Rc5 43.Rxc5 dxc5 44.f4 c4 45.Kg3 Rc6 46.Kf3 Kd6 47.Ke3 Kc5 48.a5 Kb5 49.a6
Rxa6 50.Rxa6 Kxa6 51.Kd4 Kb5 52.Kc3 Kc5 53.g4 Kd6 54.Kxc4 Ke6 55.Kc5 Ke7
56.Kd5 Kd7 57.e5 fxe5 58.Kxe5 Ke7 59.h4 Kf7 60.Kf5 Kg7 61.Ke6 h5 62.gxh5 Kh6
63.Ke7 Kxh5 64.f5 Kxh4 1-0

[Event "Automne 2017"]
[Site "Gatineau"]
[Date "2017.11.21"]
[Round "4"]
[White "Traversy Pierre"]
[Black "Raymond Robert"]
[Result "0-1"]
[BlackElo "1261"]
[EventDate "2017.11.21"]
[WhiteElo "1207"]

1.d4 d5 2.c4 e6 3.c5 Nf6 4.Bg5 Be7 5.g3 O-O 6.Bg2 b6 7.b4 a5 8.bxa5 bxc5
9.dxc5 Rxa5 10.Be3 Bxc5 11.Bxc5 Rxc5 12.Nd2 Bd7 13.Ngf3 Rb5 14.O-O c5 15.Ne5
Be8 16.e3 Nc6 17.Nxc6 Bxc6 18.Qc2 c4 19.Rab1 Qb6 20.a4 Rb4 21.Rxb4 Qxb4
22.Ra1 Ra8 23.Qc1 Rxa4 24.Rb1 Qa5 25.Bf1 h6 26.h3 Rb4 27.Ra1 Ra4 28.Rb1 Bb5
29.Bg2 Nd7 30.Nf3 Nc5 31.Ne1 Nb3 32.Qc2 Ra2 33.Qd1 Rd2 34.Qf3 Qa2 35.Rd1 c3
36.Rxd2 Qxd2 37.Qf4 Qxe1+ 38.Kh2 c2 39.Qb8+ Kh7 40.Qxb5 c1=Q 41.g4 Qg1+
42.Kg3 Nd2 43.Qd3+ Ne4+ 44.Kf3 g6 45.Qe2 Nd2+ 46.Kg3 Ne4+ 47.Kf3 Ng5+ 48.Kg3
Ne4+ 49.Kh4 Qxf2+ 50.Qxf2 Nxf2 51.Kg3 Ne4+ 0-1

[Event "Automne 2017"]
[Site "Gatineau"]
[Date "2017.11.21"]
[Round "4"]
[White "Lecorre Joel"]
[Black "Simard Paul"]
[Result "1-0"]
[BlackElo "1207"]
[EventDate "2017.11.21"]
[WhiteElo "1477"]

1.e4 e5 2.Nf3 Nf6 3.Nxe5 d6 4.Nf3 Nxe4 5.Bc4 Be7 6.d3 Nf6 7.O-O O-O 8.a3 d5
9.Ba2 c5 10.b3 Nc6 11.Bb2 b6 12.Nbd2 Bb7 13.Re1 Qc7 14.Qe2 h6 15.Ne5 Nd4
16.Bxd4 cxd4 17.Ng6 fxg6 18.Qxe7 Qxe7 19.Rxe7 Bc6 20.Nf3 Rfe8 21.Rae1 a5
22.Nxd4 Bd7 23.c4 Kf8 24.R7e3 dxc4 25.dxc4 Rxe3 26.Rxe3 Rd8 27.f4 Bf5 28.Nxf5
$2 Rd1+ 29.Kf2 Ng4+ 30.Ke2 gxf5 ( 30...Ra1 31.Re6 Rxa2+ 32.Kd3 gxf5 ) 31.Rd3
$2 Rxd3 32.Kxd3 Nxh2 33.b4 axb4 34.axb4 g5 35.c5 g4 36.Be6 h5 37.c6 h4
38.Bxf5 h3 39.gxh3 g3 40.Be4 Ke8 41.f5 Ke7 42.f6+ Kd6 43.f7 Ke7 44.c7 Kxf7
45.c8=Q 1-0

[Event "Automne 2017"]
[Site "Gatineau"]
[Date "2017.11.21"]
[Round "4"]
[White "Legare Gilles"]
[Black "Labrie Dany"]
[Result "0-1"]
[BlackElo "1127"]
[EventDate "2017.11.21"]
[WhiteElo "1098"]

1.e4 d6 2.Nf3 g6 3.d3 Bg7 4.Nc3 Nf6 5.Bf4 O-O 6.Be2 a6 7.O-O c5 8.Re1 Nc6
9.Bf1 Re8 10.a3 b5 11.Bd2 Bd7 12.b4 Qb6 13.Rb1 Nd4 14.Kh1 e5 15.Be3 a5 16.Nd5
Nxd5 17.exd5 axb4 18.axb4 Ra2 19.Nxd4 cxd4 20.Bg5 Rc8 21.Re2 Qa7 22.Kg1 Qa4
23.Be7 Rcxc2 24.Qe1 Bf5 25.Rxc2 Qxc2 26.Rc1 Qb3 27.Qd1 Qxb4 28.Rc2 Ra3 29.Qc1
Rc3 30.Bg5 Qc5 31.Rxc3 dxc3 32.Be3 Qb4 33.Bh6 Qb2 34.Qg5 f6 35.Qe3 g5 36.Bxg7
Kxg7 37.Qa7+ Kg6 38.Qa8 c2 39.Qg8+ Kh6 40.Qf8+ Kh5 41.g4+ Bxg4 42.Qf7+ Kh4
43.Qxh7+ Bh5 44.Qe4+ g4 45.Qe3 c1=Q 46.Qg3+ Kg5 47.h4+ Kf5 48.Kg2 Qbb1 0-1

[Event "Automne 2017"]
[Site "Gatineau"]
[Date "2017.11.14"]
[Round "3"]
[White "Desjardins Michel"]
[Black "Bastien Andre"]
[Result "1/2-1/2"]
[BlackElo "1802"]
[EventDate "2017.11.14"]
[WhiteElo "1925"]

1.e4 b6 2.d4 Bb7 3.Nc3 e6 4.Bd3 Be7 5.Nf3 Nf6 6.O-O O-O 7.Qe2 c5 8.e5 Nd5
9.Nxd5 Bxd5 10.c3 cxd4 11.Nxd4 d6 12.Bf4 dxe5 13.Bxe5 Nd7 14.Bg3 Nc5 15.Bc2
Qd7 16.Rfe1 Bf6 17.Nb5 Rac8 18.Rad1 a6 19.Nd6 Qc6 20.Ne4 Be7 21.f3 b5
1/2-1/2

[Event "Automne 2017"]
[Site "Gatineau"]
[Date "2017.11.14"]
[Round "3"]
[White "Berthiaume Serge"]
[Black "Jobin Gilles G."]
[Result "0-1"]
[BlackElo "1792"]
[EventDate "2017.11.14"]
[WhiteElo "1431"]

1.c4 d6 2.Nc3 e5 3.g3 f5 4.d3 Nf6 5.Bg2 c6 6.b4 d5 7.cxd5 Bxb4 8.Qb3 Nxd5
9.Bd2 ( 9.Bxd5 Bxc3+ 10.Qxc3 Qxd5 11.Bb2 Nd7 $13 ) 9...Bxc3 10.Bxc3 Nxc3
11.Qxc3 Qf6 12.e4 Be6 $6 ( 12...fxe4 13.dxe4 O-O 14.Qe3 c5 $17 ) 13.Qb4 $2
Nd7 $6 ( 13...Na6 $1
{ sacrifie potentiellement le Cavalier pour une très forte attaque : }
14.Qxb7 O-O $1 15.Qxa6 $2 fxe4 ) 14.Ne2 c5 15.Qxb7 O-O 16.O-O f4 17.Nc3 f3
18.Nd5 Qf7 19.Bh1 Rab8 20.Qc6 Bxd5 21.exd5 Rb6 22.Qa4 Qxd5 23.Qg4 Rb4 24.Qh5
g6 25.Qg5 Rd4 26.Rad1 Rf5 27.Qd8+ Kg7 28.Qa5 Rxd3 29.Rde1 Qb7 30.Rb1 Qd5
31.Ra1 Rf7 32.Qxa7 Nf6 33.Qa4 Ne4 34.Rad1 Nc3 35.Rxd3 Ne2# 0-1

[Event "Automne 2017"]
[Site "Gatineau"]
[Date "2017.11.14"]
[Round "3"]
[White "Rioux Jocelyn"]
[Black "Traversy Pierre"]
[Result "1-0"]
[BlackElo "1207"]
[EventDate "2017.11.14"]
[WhiteElo "1583"]

1.e4 c5 2.Nf3 e6 3.d4 b6 4.c3 Be7 5.e5 d5 6.Be3 Qc7 7.Ng5 c4 8.Be2 h6 9.Nh3
Qd8 10.f4 g6 11.Qc2 h5 12.Nd2 f5 13.exf6 Nxf6 14.Qxg6+ Kd7 15.Ng5 Qe8
16.Qxe8+ Kxe8 17.Ndf3 Ng4 18.Bd2 Nc6 19.h3 Nh6 20.Ne5 Nxe5 21.fxe5 Nf5 22.Rf1
Ng3 23.Rf3 Nxe2 24.Kxe2 Bxg5 25.Bxg5 Rg8 26.h4 Rf8 27.Rxf8+ Kxf8 28.Rf1+ Kg7
29.Rf6 Bd7 30.Bh6+ Kg8 31.Ke3 Re8 32.Kf4 Ba4 33.Kg5 Bd1 34.Rg6+ Kh7 35.Rg7+
Kh8 36.Kf6 Bg4 37.Rxa7 Bf5 38.Rb7 Rg8 39.Rg7 Rxg7 40.Bxg7+ Kg8 41.Bh6 b5
42.Ke7 Kh7 43.Bg5 Kg7 44.Kd6 Kf7 45.Kc5 Bc2 46.Kxb5 Ke8 47.a4 Kd7 48.a5 Kc7
49.Be7 Kb7 50.Bb4 Bg6 51.Kc5 Ka6 52.Ba3 Bf5 53.Kb4 Bc2 54.Kc5 Bf5 55.b4 cxb3
56.c4 dxc4 57.Kxc4 Bc2 58.Kc5 Be4 59.Kd6 Bd5 60.Ke7 Kxa5 61.Kf6 Ka4 62.Bb2
Kb4 63.Kg5 Kc4 64.Kxh5 Kd3 65.Ba3 Bxg2 66.Kg5 Bf3 67.h5 Bxh5 68.Kxh5 Kxd4
69.Bb2+ Kd3 70.Kg5 Ke4 71.Kf6 Kd5 72.Ba3 Kc6 73.Kxe6 Kc7 74.Ke7 Kc6 75.e6 Kc7
76.Kf8 1-0

[Event "Automne 2017"]
[Site "Gatineau"]
[Date "2017.11.14"]
[Round "3"]
[White "Masse-Garneau Anthony"]
[Black "Iyamuremye Gervais"]
[Result "1-0"]
[BlackElo "1484"]
[EventDate "2017.11.14"]
[WhiteElo "1440"]

1.d4 Nf6 2.c4 e6 3.Nf3 h6 4.Nc3 b6 5.g3 Bb7 6.Bg2 Bb4 7.O-O O-O 8.a3 Bxc3
9.bxc3 Qc8 10.Re1 d5 11.cxd5 Bxd5 12.Nd2 Bxg2 13.Kxg2 c5 14.Bb2 Rd8 15.e4
Nbd7 16.Rc1 Qb7 17.f4 Nxe4 18.Nxe4 f5 19.Qf3 fxe4 20.Qxe4 Qxe4+ 21.Rxe4 Re8
22.Rce1 Kf7 23.c4 cxd4 24.Bxd4 Rac8 25.Rc1 Nc5 26.Bxc5 Rxc5 27.Rd4 Re7 28.Rb1
Rec7 29.Rb4 e5 30.fxe5 Rxe5 31.Rb3 Rce7 32.Rbd3 Re3 33.Rxe3 Rxe3 34.Rd7+ Re7
35.Rxe7+ Kxe7 36.Kf3 Kd6 37.Ke4 Kc5 38.Kd3 a5 39.Kc3 a4 40.Kd3 g5 41.g4 Kc6
42.Kc3 Kc5 43.h3 b5 44.cxb5 Kxb5 45.Kd4 Kb6 46.Kc4 Ka5 47.Kc5 Ka6 48.Kb4
1-0

[Event "Automne 2017"]
[Site "Gatineau"]
[Date "2017.11.14"]
[Round "3"]
[White "Raymond Robert"]
[Black "Sabourin Yves"]
[Result "0-1"]
[BlackElo "1474"]
[EventDate "2017.11.14"]
[WhiteElo "1261"]

1.e4 e5 2.Nf3 Nf6 3.d4 Nxe4 4.dxe5 Be7 5.Qd4 Ng5 6.Nxg5 Bxg5 7.Bxg5 Qxg5
8.Nd2 Nc6 9.Qe4 Qxe5 10.Qxe5+ Nxe5 11.Be2 b6 12.O-O Bb7 13.Rfe1 O-O 14.Nc4
Rfe8 15.Nxe5 Rxe5 16.Bg4 d6 17.Rxe5 dxe5 18.Re1 f6 19.Rd1 Bc6 20.Be6+ Kf8
21.b3 Ke7 22.Bf5 g6 23.Bd3 Rd8 24.Re1 Kd7 25.f3 a5 26.Rd1 Ke7 27.a4 f5 28.Re1
Kf6 29.Kf2 Bd5 30.g3 Bxb3 31.cxb3 Rxd3 32.Re3 Rd2+ 33.Re2 Rxe2+ 34.Kxe2 Ke6
35.Kd3 Kd5 36.f4 e4+ 37.Ke3 Kc5 38.h3 Kb4 39.g4 Kxb3 0-1

[Event "Automne 2017"]
[Site "Gatineau"]
[Date "2017.11.14"]
[Round "3"]
[White "Labrie Dany"]
[Black "Raymond Daniel"]
[Result "0-1"]
[BlackElo "1816"]
[EventDate "2017.11.14"]
[WhiteElo "1127"]

1.e4 c5 2.f4 d5 3.e5 Bf5 4.Nf3 h6 5.Be2 Nc6 6.d3 e6 7.c3
{ coup douteux pour les blancs. } 7...d4 8.Na3 Nge7 9.Nc4 Nd5 10.Qb3 Qd7
11.Bd2 Be7 12.O-O O-O 13.Qd1 b5 { Les noirs prennent de l'expansion. } 14.Nd6
Bxd6 15.exd6 Qxd6 16.Nh4 Bh7 17.Qe1 Rac8 18.Qg3 Nce7 19.Rae1 Nf5 20.Nxf5 Bxf5
21.Bg4 Ne7 22.Qh4 $2 { Les blancs ont oublié leur pion en d3. } 22...Bxd3
23.Rf3 Bf5 24.Rg3 Ng6 { Les noirs mettent de la pression sur les blancs. }
25.Qh5 Nxf4 26.Bxf4 Qxf4 27.Rf1 Bxg4 28.Rxg4 Qe3+ 29.Kh1 d3 30.Rg3 Qe2 31.Kg1
$4 Qxh5 { А mon tour de recevoir un cadeau de Noël! } 32.Rxd3 Rcd8 33.Re3 Rd2
34.Rfe1 Qd5 35.R1e2 Rxe2 36.Rxe2 Qd1+ 37.Kf2 Rd8 38.Kf3 Rd3+ 39.Kf2 Rd2 0-1